Praticipation in community-based fisheries resource management in boueng chunlen reservior mukkompoul district kandal province, ការចូលរួមគ្រប់គ្រងធនធានជលផលជាលក្ខណៈសហគមន៍នៅអាងទឹកបឹងជន្លេន ស្រុកមុខកំពូល ខេត្តកណ្ដាល (Record no. 4054)

000 -LEADER
fixed length control field 00700nam a22001457a 4500
003 - CONTROL NUMBER IDENTIFIER
control field OSt
005 - DATE AND TIME OF LATEST TRANSACTION
control field 20151208144916.0
008 - FIXED-LENGTH DATA ELEMENTS--GENERAL INFORMATION
fixed length control field 151205b xxu||||| |||| 00| 0 eng d
040 ## - CATALOGING SOURCE
Transcribing agency RUA
082 ## - DEWEY DECIMAL CLASSIFICATION NUMBER
Classification number FIS UN 2003 B187 Or.1
100 ## - MAIN ENTRY--PERSONAL NAME
9 (RLIN) 4344
Personal name UN, KANIKA.
245 ## - TITLE STATEMENT
Title Praticipation in community-based fisheries resource management in boueng chunlen reservior mukkompoul district kandal province, ការចូលរួមគ្រប់គ្រងធនធានជលផលជាលក្ខណៈសហគមន៍នៅអាងទឹកបឹងជន្លេន ស្រុកមុខកំពូល ខេត្តកណ្ដាល
260 ## - PUBLICATION, DISTRIBUTION, ETC. (IMPRINT)
Place of publication, distribution, etc. Phnom Penh
Name of publisher, distributor, etc. RUA
Date of publication, distribution, etc. 29cm.
942 ## - ADDED ENTRY ELEMENTS (KOHA)
Source of classification or shelving scheme
Koha item type FIS
Holdings
Price effective from Date last seen Permanent Location Not for loan Date acquired Source of classification or shelving scheme Koha item type Lost status Withdrawn status Date last checked out Total Checkouts Shelving location Damaged status Barcode Current Location Full call number
2015-12-052023-04-03Library Block B 2015-12-05 FIS  2023-03-141B187 RUA036817Library Block BFIS UN 2003 B187 Or.1
2015-12-052015-12-05Library Block B 2015-12-05 FIS    B187 RUA036777Library Block BFIS UN 2003 B187 Or.2
មជ្ឈមណ្ឌលឯការនៃសាកលវិទ្យាល័យភូមិន្ទកសិកម្មចំការដូង

Powered by Koha